02360cam a22003374i 4500003000900000005001700009008004100026035001900067040003300086082002100119110009500140245014700235264006700382300003800449336002100487337002500508338002300533505132300556526001001879526001001889526001001899526001001909526000801919526000801927526000801935526000801943526000801951526000801959526000801967650004701975PE-LiUPU20250731173427.0150706s2008 ag r 000 0 spa d a(Sirsi) a52052 aPE-LiUPUbspacPE-LiUPUerda04a286.732bD662212 aDivisión Sudamericana de la Asociación General de los Adventistas del Séptimo Día.10aReglamentos eclesiásticos-administrativos 2009 /cDivisión Sudamericana de la Asociación General de los Adventistas del Séptimo Día. 1aBuenos Aires :bAsociación Casa Editora Sudamericana,c2008. a636 páginas ;c20 centímetros atext2rdacontent aunmediated2rdamedia avolume2rdacarrier0 aReglamentos eclesiástico-administrativos generales -- Plan administrativo de la División Sudamericana -- Plan administrativo de la División Sudamericana -- Modelo de estatutos y reglamentos interno -- Licencias/credenciales, estatutos, llamados, registro de servicios, vacaciones y finanzas personales de los obreros -- Ministerio de capellanía adventista -- Ministerios del Niño -- Comunicación -- Educación -- Ministerios de familia -- ministerios de la salud -- Asuntos públicos y Libertad religiosa -- Asociación Ministerial -- Ministerio de las publicaciones -- Escuela sabática y ministerios personales -- Mayordomía -- Testamentos y legados -- Ministerios de la mujer -- Jóvenes -- Espírito de profecía -- Agencia Adventista de desarrollo y recursos asistenciales -- Radios adventista mundial -- Producción de alimentos saludables -- Ministerio de apoyo -- Ministerio adventista -- Servicio de obreros interdivisión -- Servicio de obreros interunión -- Reglamento financieros generales -- Auditoría -- Sostén financiero de la organización -- Finanzas relacionadas con las instituciones educacionales -- Uso del diezmo -- Fondos para las misiones mundiales -- Recolección anual -- Plan de subsistencia y la asistencia a los obreros -- Plan pensión de Gracia (PPG -BD). aSEG42 aSEG41 aSEG40 aSEG39 aP94 aP87 aP86 aP85 aP77 aP76 aP3504aAdventistas del Séptimo DíaxGobierno.